| 000 | 00422nam a2200157Ia 4500 | ||
|---|---|---|---|
| 008 | 230711s9999||||xx |||||||||||||| ||und|| | ||
| 020 | _a978-93-272-4858-6 | ||
| 041 | _aENG | ||
| 082 |
_a658.4 _bGU-C |
||
| 100 | _aGupta,Priyanka | ||
| 245 | 0 | _aCorporate Legal Environment(Mercantile Law) | |
| 250 | _a1st Ed. | ||
| 260 |
_c2009 _aNew Delhi _bKalyani Publishers House |
||
| 650 | _aUNIVESITY BUSNIESS SCHOOL | ||
| 942 | _cBK | ||
| 999 |
_c6790 _d6790 |
||